000 01929cam a22004814i 4500
003 PE-LiUPU
005 20250731173125.0
008 150623s r 000 0 d
020 _a0891094318
035 _a(Sirsi) i9780891094319
040 _aPE-LiUPU
_bspa
_cPE-LiUPU
_erda
049 _aPRUA
082 0 4 _a241.5
_bW55
_221
100 1 _aWhite, Jerry,
_eautor.
245 1 0 _aHonesty morality & conscience /
_cJerry White.
264 1 _aColorado Springs :
_bA Ministry of the navigators,
_c1979.
300 _a240 páginas :
_bilustraciones diagrámas ;
_c20 centímetros
336 _atext
_2rdacontent
337 _aunmediated
_2rdamedia
338 _avolume
_2rdacarrier
490 0 _aA Navigator Book
504 _aIncluye bibliografía.
505 0 _aHonesty-an impossible standard?. Your conscience-friend or foe?. How to use and respond to your conscience. Honesty-the biblical mandate. The problem of peer pressure. Honesty and ethics in business and work. Honesty in the home. Honesty as a student. Honesty in the church. Honesty with yourself. Sexual morality. How to develop biblical convictions. Special section: a Bible study on honesty, morality & conscience.
526 _aSEG42
526 _aSEG41
526 _aSEG40
526 _aSEG39
526 _aP94
526 _aP87
526 _aP86
526 _aP85
526 _aP77
526 _aP76
526 _aP35
650 0 4 _aÉtica cristiana.
_91047
650 0 4 _aHonestidad.
942 _2ddc
_cBOOK
949 _a241.5 W55
_wDEWEY
_c1
_i51149
_lCCODEBUL1
_mBUL
_p10.00
_r0
_sY
_tBOOK
_u2015-6-24
_xTEOLOGIA
_PP35
_0COMPRA
_o.STAFF. Colección General
994 _aC0
_bPEPRU
596 _a1
999 _a241.5 W55
_wDEWEY
_c32848
_i51149
_f2021-11-10
_g4
_lCCODEBUL1
_mBUL
_p10.00
_r0
_sY
_tBOOK
_u2015-6-24
_xTEOLOGIA
_PP35
_0COMPRA
_o.STAFF. Colección General
_d32848
980 _81
_gALBERTO SANCHEZ Responsable de Automatización